| 000 | 00914cam a2200241 a 4500 | ||
|---|---|---|---|
| 001 | 000008276 | ||
| 005 | 20200929161324.0 | ||
| 008 | 840926s1959 sp 000 0bspa | ||
| 040 |
_aDO-SdBNP _bspa _cDLC _dBNPHU |
||
| 082 |
_a985.02 _bP695q, 1959 |
||
| 100 | 1 |
_aQuintana, Manuel José, _d1772-1857. _922412 |
|
| 245 | 1 | 0 |
_aVida de Francisco Pizarro. / _cManuel José Quintana. |
| 250 | _a3a. ed. | ||
| 260 |
_aMadrid, (España) : _bEditorial Espasa-Calpe, _c1959. |
||
| 300 |
_a156 p. ; _c18 cm. |
||
| 490 | 1 |
_aAustral: Anaranjada: biografías y vidas novelescas _v388 |
|
| 504 | _aIncluye índice | ||
| 600 | 1 | 4 |
_aPIZARRO, FRANCISCO _cMARQUES _d1470?-1541. _922413 |
| 651 | 4 |
_aPerú _xHistoria _xDescubrimiento Y Conquista, 1522-1548. _922414 |
|
| 600 | 1 | 4 |
_aPIZARRO, FRANCISCO _xBIOGRAFÍA _922415 |
| 830 | 0 |
_aAustral. Anaranjada: biografías y vidas novelescas _v388 _93058 |
|
| 910 | _aCatalogación por copia / LC | ||
| 999 |
_c8047 _d8047 |
||